| 000 | 00575nam a2200181Ia 4500 | ||
|---|---|---|---|
| 008 | 090122s9999 xx 000 0 und d | ||
| 082 | _b11409 | ||
| 100 |
_aशेवते _bअरूण _c- |
||
| 245 | _aते दान त्या क्षणांचे | ||
| 260 |
_bऋतुरंग _c2007 |
||
| 300 | _a232 | ||
| 501 | _aबि. नं. 2378 | ||
| 600 | _aशेवते | ||
| 630 | _aते दान त्या क्षणांचे | ||
| 700 | _aशेवते | ||
| 730 | _aते दान त्या क्षणांचे | ||
| 942 | _cBOOK | ||
| 999 |
_c35486 _d35486 |
||